Top 10 Most Popular Fast-Food Chains Worldwide - Statistics

General Stats
  • This quiz has been taken 44 times
  • The average score is 5 of 10
Answer Stats
Hint Answer % Correct
41 822 outlets McDonald’s
100%
19 384 outlets Burger King
93%
30 000+ outlets KFC
83%
40 199 outlets Starbucks
80%
37 000 outlets Subway
68%
19 000+ outlets Pizza Hut
63%
20 591 outlets Domino's
58%
20 065 outlets Wallace
0%
22 340 outlets Luckin Coffee
0%
45 000 outlets Mixue Ice Cream & Tea
0%
No matching quizzes found
Score Distribution
Percent of People with Each Score
Percentile by Number Answered
Your Score History
You have not taken this quiz